[Event "RUS-chT Premier 2021"]
[White "Makarian,Rudik"]
[Black "Alexeev,Alexey"]
[WhiteTeam "Школа М. Ботвинника"]
[BlackTeam "Киммерия"]
[Site "Sochi"]
[Round "5.21"]
[Annotator "ChessBase"]
[Result "1-0"]
[Date "2021.05.05"]
[WhiteElo "2468"]
[BlackElo "2243"]
[PlyCount "107"]
[TimeControl "60"]

1. d4 {[%emt 0:0:0]} d5 {[%emt 0:0:0]} 2. c4 {[%emt 0:0:0]} c6 {[%emt 0:0:0]} 3. Nf3 {[%emt 0:0:0]} Nf6 {[%emt 0:0:0]} 4. Nc3 {[%emt 0:0:0]} dxc4 {[%emt 0:0:2]} 5. a4 {[%emt 0:0:0]} Bf5 {[%emt 0:0:9]} 6. Ne5 {[%emt 0:0:0]
} Nbd7 {[%emt 0:0:14]} 7. Nxc4 {[%emt 0:0:0]} Qc7 {[%emt 0:0:0]} 8. g3 {[%emt 0:0:10]} e5 {[%emt 0:0:17]} 9. dxe5 {[%emt 0:0:4]} Nxe5 {[%emt 0:0:7]
} 10. Bf4 {[%emt 0:0:4]} Nfd7 {[%emt 0:0:12]} 11. Bg2 {[%emt 0:0:47]
} g5 {[%emt 0:0:17]} 12. Bxe5 {[%emt 0:0:14]} Nxe5 {[%emt 0:0:0]} 13. Qd4 {[%emt 0:0:3]} f6 {[%emt 0:0:13]} 14. 0-0 {[%emt 0:11:30]} Be6 {[%emt 0:20:1]} 15. Nxe5 {[%emt 0:0:49]} Qxe5 {[%emt 0:0:47]} 16. Qxe5 {[%emt 0:0:33]
} fxe5 {[%emt 0:0:14]} 17. a5 {[%emt 0:0:14]} a6 {[%emt 0:0:0]} 18. Ne4 {[%emt 0:31:3]} Be7 {[%emt 0:6:0]} 19. Rfc1 {[%emt 0:0:33]} 0-0-0 {[%emt 0:10:47]} 20. Nc5 {[%emt 0:4:57]} Bd5 {[%emt 0:9:49]} 21. Ra4 {[%emt 0:11:48]
} Kc7 {[%emt 0:13:1]} 22. Rb4 {[%emt 0:8:5]} Bxc5 {[%emt 0:0:0]} 23. Rxc5 {[%emt 0:0:16]} Rhg8 {[%emt 0:2:28]} 24. Bxd5 {[%emt 0:11:14]} Rxd5 {[%emt 0:0:7]} 25. Rxd5 {[%emt 0:0:4]} cxd5 {[%emt 0:0:7]} 26. Rb6 {[%emt 0:0:1]
} g4 {[%emt 0:9:36]} 27. Re6 {[%emt 0:3:8]} e4 {[%emt 0:1:31]
} 28. e3 {[%emt 0:0:52]} Rg7 {[%emt 0:0:31]} 29. Rf6 {[%emt 0:1:34]} Rd7 {[%emt 0:3:7]
} 30. Kf1 {[%emt 0:2:8]} d4 {[%emt 0:1:11]} 31. exd4 {[%emt 0:0:0]} Rxd4 {[%emt 0:0:7]} 32. Rf7+ {[%emt 0:1:55]} Kc6 {[%emt 0:0:35]} 33. Rxh7 {[%emt 0:0:4]} Rb4 {[%emt 0:0:40]} 34. Rg7 {[%emt 0:3:8]} Rxb2 {[%emt 0:0:9]
} 35. Rxg4 {[%emt 0:0:8]} Rb5 {[%emt 0:0:21]} 36. Rg6+ {[%emt 0:1:23]
} Kc7 {[%emt 0:1:16]} 37. h4 {[%emt 0:0:7]} Rxa5 {[%emt 0:0:0]} 38. g4 {[%emt 0:0:3]} e3 {[%emt 0:3:54]} 39. h5 {[%emt 0:1:36]} Ra1+ {[%emt 0:0:7]
} 40. Ke2 {[%emt 0:0:0]} a5 {[%emt 0:0:0]} 41. Rg5 {[%emt 0:0:0]} exf2 {[%emt 0:8:1]} 42. Kxf2 {[%emt 0:0:10]} Rh1 {[%emt 0:0:9]} 43. Kg2 {[%emt 0:0:43]} Rh4 {[%emt 0:0:31]} 44. Kg3 {[%emt 0:0:3]} Rh1 {[%emt 0:0:5]
} 45. Rxa5 {[%emt 0:0:3]} Kd6 {[%emt 0:1:7]} 46. Kf4 {[%emt 0:3:10]
} Ke7 {[%emt 0:0:37]} 47. Rb5 {[%emt 0:0:4]} Kf7 {[%emt 0:0:0]} 48. Rxb7+ {[%emt 0:0:5]} Kg8 {[%emt 0:0:29]} 49. Kg5 {[%emt 0:0:4]} Ra1 {[%emt 0:0:24]} 50. h6 {[%emt 0:0:17]} Ra5+ {[%emt 0:0:55]} 51. Kg6 {[%emt 0:0:3]
} Ra6+ {[%emt 0:0:44]} 52. Kh5 {[%emt 0:0:4]} Rc6 {[%emt 0:0:0]} 53. g5 {[%emt 0:0:5]} Ra6 {[%emt 0:0:6]} 54. Rb8+ {[%emt 0:0:9]} 1-0

[Event "RUS-chT Premier 2021"]
[White "Babakekhyan,Artem"]
[Black "Afanasiev,Nikita"]
[WhiteTeam "Киммерия"]
[BlackTeam "Школа М. Ботвинника"]
[Site "Sochi"]
[Round "5.22"]
[Annotator "ChessBase"]
[Result "0-1"]
[Date "2021.05.05"]
[WhiteElo "2214"]
[BlackElo "2529"]
[PlyCount "78"]
[TimeControl "60"]

1. Nf3 {[%emt 0:0:0]} g6 {[%emt 0:0:0]} 2. g3 {[%emt 0:0:0]} Bg7 {[%emt 0:0:0]
} 3. c4 {[%emt 0:0:24]} c5 {[%emt 0:0:41]} 4. Bg2 {[%emt 0:0:0]} Nc6 {[%emt 0:0:18]} 5. Nc3 {[%emt 0:0:16]} d6 {[%emt 0:0:16]} 6. d3 {[%emt 0:1:56]
} Bf5 {[%emt 0:1:5]} 7. 0-0 {[%emt 0:5:21]} Qc8 {[%emt 0:0:0]} 8. Rb1 {[%emt 0:2:12]} Bh3 {[%emt 0:3:21]} 9. Bxh3 {[%emt 0:7:24]} Qxh3 {[%emt 0:0:28]} 10. Nd5 {[%emt 0:0:11]} Qd7 {[%emt 0:3:36]} 11. a3 {[%emt 0:0:0]} e6 {[%emt 0:1:29]} 12. Ne3 {[%emt 0:8:49]} Nge7 {[%emt 0:2:16]} 13. b4 {[%emt 0:2:24]} 0-0 {[%emt 0:2:35]} 14. Bb2 {[%emt 0:13:3]} e5 {[%emt 0:0:0]} 15. Nd5 {[%emt 0:3:16]} Nxd5 {[%emt 0:2:4]} 16. cxd5 {[%emt 0:0:5]
} Nd4 {[%emt 0:0:10]} 17. Bxd4 {[%emt 0:1:49]} cxd4 {[%emt 0:6:33]} 18. Qb3 {[%emt 0:4:55]} Bh6 {[%emt 0:0:55]} 19. b5 {[%emt 0:16:57]} Rfc8 {[%emt 0:0:0]} 20. Rfd1 {[%emt 0:2:48]} Rc3 {[%emt 0:0:49]} 21. Qb4 {[%emt 0:1:13]} Rac8 {[%emt 0:2:15]} 22. Rb3 {[%emt 0:11:18]} R3c5 {[%emt 0:2:12]} 23. Kg2 {[%emt 0:4:15]
} Rxd5 {[%emt 0:0:18]} 24. Nd2 {[%emt 0:0:18]} Bxd2 {[%emt 0:0:0]} 25. Rxd2 {[%emt 0:0:8]} h5 {[%emt 0:0:58]} 26. h4 {[%emt 0:0:9]} Kg7 {[%emt 0:1:52]} 27. a4 {[%emt 0:0:34]} f5 {[%emt 0:0:51]} 28. Rbb2 {[%emt 0:4:19]
} Rdc5 {[%emt 0:0:17]} 29. e3 {[%emt 0:1:30]} dxe3 {[%emt 0:0:0]} 30. fxe3 {[%emt 0:0:2]} b6 {[%emt 0:0:7]} 31. Qb3 {[%emt 0:0:47]} Qb7+ {[%emt 0:0:12]} 32. Kh2 {[%emt 0:0:4]} Rc1 {[%emt 0:1:4]} 33. Rg2 {[%emt 0:0:31]
} Qf7 {[%emt 0:10:10]} 34. Qb4 {[%emt 0:1:14]} Qd5 {[%emt 0:0:0]} 35. e4 {[%emt 0:1:22]} Qxd3 {[%emt 0:6:26]} 36. exf5 {[%emt 0:0:59]} Qf1 {[%emt 0:0:25]} 37. f6+ {[%emt 0:0:7]} Kh7 {[%emt 0:0:14]} 38. Kh3 {[%emt 0:0:37]
} R8c2 {[%emt 0:0:13]} 39. Qe4 {[%emt 0:3:15]} Qh1+ {[%emt 0:0:0]} 0-1

[Event "RUS-chT Premier 2021"]
[White "Kukhmazov,Arsen"]
[Black "Pervakov,Sergey"]
[WhiteTeam "Школа М. Ботвинника"]
[BlackTeam "Киммерия"]
[Site "Sochi"]
[Round "5.23"]
[Annotator "ChessBase"]
[Result "1-0"]
[Date "2021.05.05"]
[WhiteElo "2451"]
[BlackElo "2056"]
[PlyCount "51"]
[TimeControl "60"]

1. d4 {[%emt 0:0:0]} d5 {[%emt 0:0:0]} 2. c4 {[%emt 0:0:0]} c6 {[%emt 0:0:0]} 3. Nf3 {[%emt 0:0:0]} Nf6 {[%emt 0:0:0]} 4. Nc3 {[%emt 0:0:0]} dxc4 {[%emt 0:0:1]} 5. a4 {[%emt 0:0:0]} Bf5 {[%emt 0:0:15]} 6. Ne5 {[%emt 0:0:9]
} Nbd7 {[%emt 0:0:26]} 7. Nxc4 {[%emt 0:0:5]} Qc7 {[%emt 0:0:0]} 8. g3 {[%emt 0:0:20]} e5 {[%emt 0:0:25]} 9. dxe5 {[%emt 0:0:13]} Nxe5 {[%emt 0:0:7]
} 10. Bf4 {[%emt 0:0:2]} Nfd7 {[%emt 0:0:7]} 11. Qc1 {[%emt 0:0:21]
} Be6 {[%emt 0:15:21]} 12. Nxe5 {[%emt 0:3:13]} Nxe5 {[%emt 0:0:0]} 13. Bg2 {[%emt 0:0:40]} Qa5 {[%emt 0:16:6]} 14. 0-0 {[%emt 0:0:52]} Be7 {[%emt 0:11:35]} 15. Nb5 {[%emt 0:5:46]} cxb5 {[%emt 0:12:44]} 16. Bxe5 {[%emt 0:0:12]
} Rc8 {[%emt 0:6:1]} 17. Qe3 {[%emt 0:1:5]} 0-0 {[%emt 0:0:0]} 18. Bxb7 {[%emt 0:1:6]} Rc5 {[%emt 0:4:26]} 19. Bd4 {[%emt 0:5:28]} Rc4 {[%emt 0:6:24]} 20. axb5 {[%emt 0:0:36]} Qc7 {[%emt 0:3:24]} 21. Bc6 {[%emt 0:0:53]
} a5 {[%emt 0:7:40]} 22. Bb6 {[%emt 0:0:25]} Qd6 {[%emt 0:0:0]} 23. Bxa5 {[%emt 0:1:27]} Bf6 {[%emt 0:0:22]} 24. Rad1 {[%emt 0:0:57]} Bd4 {[%emt 0:1:11]} 25. b3 {[%emt 0:4:41]} Qc5 {[%emt 0:2:44]} 26. Qd3 {[%emt 0:1:46]
} 1-0